Collective phenomena in atomic nuclei
Kaydedildi:
| Asıl Yazarlar: | , , |
|---|---|
| Materyal Türü: | Kitap |
| Dil: | İngilizce |
| Baskı/Yayın Bilgisi: |
Singapur
World Scientific
1984
|
| Seri Bilgileri: | International Review of Nuclear Physics, 2
|
| Konular: | |
| Etiketler: |
Etiketle
Etiket eklenmemiş, İlk siz ekleyin!
|
MARC
| LEADER | 00000nam a2200000 a 4500 | ||
|---|---|---|---|
| 001 | UCX5141 | ||
| 003 | CL-VaPUC | ||
| 005 | 20241122095745.0 | ||
| 008 | 920925e19840000si 1 eng d | ||
| 082 | 0 | 4 | |a 539.7 |b ENG |2 21 |
| 100 | 1 | |a England, T |e author |9 616854 | |
| 700 | 1 | |a Rekstad, J |e author |9 616855 | |
| 700 | 1 | |a Vaagen, J. S |e author |9 616856 | |
| 245 | 1 | 0 | |a Collective phenomena in atomic nuclei |
| 260 | |a Singapur |b World Scientific |c 1984 | ||
| 300 | |a 474 p | ||
| 490 | 0 | |a International Review of Nuclear Physics, 2 | |
| 583 | |a last modification |c 20120709 11:40:40 |k Rodrigo Vera | ||
| 650 | 0 | 7 | |a FISICA NUCLEAR |2 CL-VaPUC |9 270366 |
| 650 | 0 | 0 | |a Congresos |9 257560 |
| 650 | 0 | 0 | |a Partículas |9 259546 |
| 650 | 0 | 7 | |a COLISIONES |2 CL-VaPUC |9 315845 |
| 942 | |c BK | ||
| 945 | |d 19920925 00:00:00 | ||
| 546 | |a En Inglés | ||
| 518 | |p Nordic Winter School on Nuclear Physics, Hemsedal, 10 al 21 Abril de 1983 | ||
| 999 | |c 382153 |d 382151 | ||
| 952 | |0 0 |1 0 |4 0 |6 539_700000000000000_ENG_1984 |7 0 |8 A |9 503706 |a BIBCUR |b BIBCUR |d 2020-01-23 |i 3180913 |o 539.7 ENG 1984 |p 3180913 |r 2025-04-22 |w 2020-01-23 |y BK |k BCB | ||